Statistics for Marvel Characters by letters - F

Click here to take the quiz!

General Stats

  • This quiz has been taken 21 times
    (20 since last reset)
  • The average score is 3 of 10

Answer Stats

HintAnswer% Correct
Colonel, director of SHIELDNick Fury
95%
Flying sidekick of the captain, who later became the captainFalcon
80%
Love interest of Thor, who later became ThorJane Foster
60%
One of the Warriors ThreeFandral
20%
Asgardian wolfFenris
20%
Generates and manipulates microwave radiation, creates intense flameFirestar
20%
Telepath, who loves wearing whiteEmma Frost
10%
Mechanician of the X-menForge
10%
Feral mutantFeral
5%
Has a fake french accent, and a complicated mindFantomex
0%

Score Distribution

Percentile by Number Answered

Percent of People with Each Score

Your Score History

You have not taken this quiz since the last reset